书目信息 |
| 题名: |
超流体
|
|
| 作者: | 沈星扬 著 | |
| 分册: | ||
| 出版信息: | 北京 科学出版社 1982 |
|
| 页数: | 78页 | |
| 开本: | 19cm | |
| 丛书名: | ||
| 单 册: | ||
| 中图分类: | O512 | |
| 科图分类: | ||
| 主题词: | 超流体 | |
| 电子资源: | ||
| ISBN: | ||
| 000 | 00596nam0 2200229 45 | |
| 001 | 0182005599 | |
| 005 | 20060519090308.54 | |
| 010 | @dCNY0.42 | |
| 091 | @a13031.2123 | |
| 100 | @a19950610d1982 em y0chiy0121 ea | |
| 101 | 1 | @achi@ceng |
| 102 | @aCN@b110000 | |
| 105 | @ay z 000yy | |
| 200 | 10 | @a超流体@Achao liu ti@f(美)沈星扬著@F(mei)shen xing yang zhu |
| 210 | @a北京@c科学出版社@d1982 | |
| 215 | @a78页@d19cm | |
| 606 | @a超流体 | |
| 690 | @aO512@v3 | |
| 701 | 0 | @a沈星扬@Ashen xing yang@4著 |
| 801 | 0 | @aCN@bTSSF@c20060519 |
| 801 | 2 | @aCN@bNLC@c20060424 |
| 905 | @a10447@dO512@e1 | |
| 超流体/(美)沈星扬著.-北京:科学出版社,1982 |
| 78页;19cm |
| ISBN :CNY0.42 |
| ● |
| 相关链接 |
|
|
|
|
正题名:超流体
索取号:O512/1
 
预约/预借
| 序号 | 登录号 | 条形码 | 馆藏地/架位号 | 状态 | 备注 |
| 1 | 0093532 | 202254363 | 密集书库/ [索取号:O512/1] | 在馆 | |
| 2 | 0093533 | 202254327 | 密集书库/ [索取号:O512/1] | 在馆 | |
| 3 | 0093534 | 202360863 | 密集书库/ [索取号:O512/1] | 在馆 |